Which Year Ending In 66? Click Quiz - Statistics

General Stats
  • This quiz has been taken 978 times
  • The average score is 9 of 17
Answer Stats
Hint Answer % Correct
England wins the World Cup for the first and only time 1966
91%
Tennessee is the first state readmitted to the Union post-Civil War 1866
83%
Britain is persuaded by Benjamin Franklin to repeal the Stamp Act 1766
78%
William the Conqueror is victorious at the Battle of Hastings 1066
73%
The Great Fire of London begins on Pudding Lane 1666
70%
The XXXV Olympic Winter Games are held 2066
68%
The Jewish Revolt commences against the Roman Empire 66 AD
52%
Roman general Pompey ends the Mithridatic Wars in victory 66 BC
50%
The Knights Templar lose the Castle of Safed to the Mamluks 1266
50%
Thebes makes peace with Sparta and turns on Athens 366 BC
46%
The first printed German language Bible is produced 1466
45%
Suleiman the Magnificent, Sultan of the Ottoman Empire, dies 1566
39%
Clovis I, first king of the Franks, is born 466
34%
Princess Tadukhipa, who will marry Amenhotep III, is born 1366 BC
31%
The Round City of Baghdad, Abbasid Caliphate capital, is completed 766
31%
Court astrologers predict devilry, doom and disaster upon Assyria 666 BC
29%
The Shang dynasty conquers the Xia dynasty in China 1766 BC
24%
No matching quizzes found
Score Distribution
Percent of People with Each Score
Percentile by Number Answered
Your Score History
You have not taken this quiz